LEADER 00933nam--2200325---450- 001 990003497090203316 005 20110215131019.0 035 $a000349709 035 $aUSA01000349709 035 $a(ALEPH)000349709USA01 035 $a000349709 100 $a20110215d1953----km-y0itay50------ba 101 $aita 102 $aIT 105 $aa---||||001yy 200 1 $aAtlante di istologia patologica$fGiovanni Lelli 210 $aRoma$cAbruzzini$d1953 215 $aXIII, 327 p.$cill.$d25 cm 300 $aCon 504 microfotografie in bianco nero riunite in 140 tavole 606 0 $aIstologia patologica$2BNCF 676 $a571.9 700 1$aLELLI,$bGiovanni$0512175 801 0$aIT$bsalbc$gISBD 912 $a990003497090203316 951 $aFDC 120$b651 Med.$cFDC 959 $aBK 969 $aMED 979 $aCIANATIEMP$b90$c20110215$lUSA01$h1310 996 $aAtlante di istologia patologica$9764804 997 $aUNISA LEADER 00953nam a22002531i 4500 001 991003877099707536 005 20030925135843.0 008 031111s1996 uik|||||||||||||||||eng 020 $a0198122497 035 $ab1248717x-39ule_inst 035 $aARCHE-052044$9ExL 040 $aDip.to Lingue$bita$cA.t.i. Arché s.c.r.l. Pandora Sicilia s.r.l. 082 04$a820.9375 100 1 $aBaldick, Chris$0168097 245 10$aIn Frankestein's shadow :$bmyth, monstrosity and nineteenth-century writing /$cChris Baldick 260 $aOxford :$bClarendon Press,$c1996 300 $a207 p. ;$c21 cm 600 14$aShelley, Mary.$tFrankenstein 907 $a.b1248717x$b02-04-14$c13-11-03 912 $a991003877099707536 945 $aLE012 828.7 SHL BAL$g1$i2012000115460$lle012$o-$pE0.00$q-$rl$s- $t0$u0$v0$w0$x0$y.i12920782$z13-11-03 996 $aIn Frankestein's shadow$9183306 997 $aUNISALENTO 998 $ale012$b13-11-03$cm$da $e-$feng$guik$h0$i1 LEADER 02283nam 2200577 450 001 9910820605603321 005 20200520144314.0 010 $a0-7391-9207-8 035 $a(CKB)3710000000186068 035 $a(EBL)1734035 035 $a(SSID)ssj0001261661 035 $a(PQKBManifestationID)12415864 035 $a(PQKBTitleCode)TC0001261661 035 $a(PQKBWorkID)11223279 035 $a(PQKB)11038166 035 $a(MiAaPQ)EBC1734035 035 $a(Au-PeEL)EBL1734035 035 $a(CaPaEBR)ebr10891889 035 $a(CaONFJC)MIL627522 035 $a(OCoLC)884014462 035 $a(EXLCZ)993710000000186068 100 $a20140723h20142014 uy 0 101 0 $aeng 135 $aur|n|---||||| 181 $ctxt 182 $cc 183 $acr 200 10$aCritical reflections on health services development in India $ethe teleology of disorder /$fKesavan Rajasekharan Nayar 210 1$aLanham, Maryland ;$aPlymouth, England :$cLexington Books,$d2014. 210 4$d©2014 215 $a1 online resource (181 p.) 300 $aDescription based upon print version of record. 311 $a0-7391-9206-X 320 $aIncludes bibliographical references and index. 327 $aContents; Preface; Ch01. Introduction; Ch02. Grappling with Delivery of Health Care; Ch03. Reforms and Their Forms in Health Services; Ch04. Centrality of Decentralization and Marginalization of the People; Ch05. Civilizing the Civil Society and Civilians; Ch06. Disorder Defined; References; Index; About the Author 330 $aThis book offers a teleological explanation for the under-development of health services in India by knitting together various actors and subactors within it, while providing rich insights for future research in global public health. 606 $aHealth planning$zIndia 606 $aMedical policy$zIndia 606 $aMedical care$zIndia 615 0$aHealth planning 615 0$aMedical policy 615 0$aMedical care 676 $a362.10954 700 $aNayar$b K. R.$f1955-$01595540 801 0$bMiAaPQ 801 1$bMiAaPQ 801 2$bMiAaPQ 906 $aBOOK 912 $a9910820605603321 996 $aCritical reflections on health services development in India$93916522 997 $aUNINA